<?xml version="1.0" encoding="UTF-8"?>
<record
    xmlns:xsi="http://www.w3.org/2001/XMLSchema-instance"
    xsi:schemaLocation="http://www.loc.gov/MARC21/slim http://www.loc.gov/standards/marcxml/schema/MARC21slim.xsd"
    xmlns="http://www.loc.gov/MARC21/slim">

  <leader>01596    a2200205   4500</leader>
  <controlfield tag="001">13852</controlfield>
  <controlfield tag="005">20260407155445.0</controlfield>
  <controlfield tag="008">260407a1963    arg                 spa d</controlfield>
  <controlfield tag="003">AR-UNSa-BCEJYS</controlfield>
  <datafield tag="040" ind1=" " ind2=" ">
    <subfield code="a">AR-UNSa-BCEJYS</subfield>
    <subfield code="b">spa</subfield>
    <subfield code="c">AR-UNSa-BCEJYS</subfield>
  </datafield>
  <datafield tag="080" ind1=" " ind2=" ">
    <subfield code="a">347.7</subfield>
    <subfield code="x">Derecho Mercantil. Derecho Comercial</subfield>
  </datafield>
  <datafield tag="245" ind1="1" ind2="0">
    <subfield code="a">Derecho comercial argentino</subfield>
    <subfield code="p">parte general</subfield>
  </datafield>
  <datafield tag="250" ind1=" " ind2=" ">
    <subfield code="a">2a. ed.</subfield>
  </datafield>
  <datafield tag="264" ind1=" " ind2="1">
    <subfield code="a">Buenos Aires :</subfield>
    <subfield code="b">V&#xED;ctor P. de Zaval&#xED;a</subfield>
    <subfield code="c">1963</subfield>
  </datafield>
  <datafield tag="300" ind1=" " ind2=" ">
    <subfield code="a">514 p.</subfield>
    <subfield code="c">23 cm.</subfield>
  </datafield>
  <datafield tag="505" ind1=" " ind2=" ">
    <subfield code="a">Vol. 1: 1. Concepto, ubicaci&#xF3;n y m&#xE9;todos del derecho mercantil - 2. Fuentes del derecho mercantil - 3. Interpretaci&#xF3;n y aplicaci&#xF3;n de la ley mercantil - 4. La materia de comercio - 5. La materia de comercio (continuaci&#xF3;n) - 6. La materia de comercio (continuaci&#xF3;n) - 7. La materia de comercio (continuaci&#xF3;n) - 8. La materia de comercio (continuaci&#xF3;n) - 9. Las relaciones jur&#xED;dicas mercantiles - 10. Los sujetos de las relaciones jur&#xED;dicas mercantiles - 11. Obligaciones comunes a los comerciantes - 12. Obligaciones comunes a los comerciantes (continuaci&#xF3;n) - 13. Obligaciones comunes a los comerciantes (continuaci&#xF3;n) - 14. Derechos de los comerciantes. El patrimonio comercial y la limitaci&#xF3;n de la responsabilidad - 15. Bolsas y mercados de comercio - 16. Agentes auxiliares de comercio - 17. Teor&#xED;a general de la representaci&#xF3;n - 18. Agentes auxiliares subordinados - 19. Agentes auxiliares aut&#xF3;nomos - 20. Agentes auxiliares aut&#xF3;nomos (continuaci&#xF3;n) - 21. La prescripci&#xF3;n mercantil </subfield>
  </datafield>
  <datafield tag="942" ind1=" " ind2=" ">
    <subfield code="c">BK</subfield>
  </datafield>
  <datafield tag="590" ind1=" " ind2=" ">
    <subfield code="a">niveau_biblio:m niveau_hierar:0</subfield>
  </datafield>
  <datafield tag="100" ind1="1" ind2=" ">
    <subfield code="a">Fontanarrosa, Rodolfo O.</subfield>
  </datafield>
  <datafield tag="999" ind1=" " ind2=" ">
    <subfield code="c">555</subfield>
    <subfield code="d">555</subfield>
  </datafield>
  <datafield tag="952" ind1=" " ind2=" ">
    <subfield code="0">0</subfield>
    <subfield code="1">0</subfield>
    <subfield code="4">0</subfield>
    <subfield code="7">0</subfield>
    <subfield code="a">BCEJYS</subfield>
    <subfield code="b">BCEJYS</subfield>
    <subfield code="c">16</subfield>
    <subfield code="d">2026-04-07</subfield>
    <subfield code="l">0</subfield>
    <subfield code="o">347.7 F677 2ed</subfield>
    <subfield code="p">L20924</subfield>
    <subfield code="r">2026-04-07 15:54:45</subfield>
    <subfield code="w">2026-04-07</subfield>
    <subfield code="y">L</subfield>
  </datafield>
</record>
